|
|
|
|
| LEADER |
00000nam a2200000 a 4500 |
| 001 |
vtls011919391 |
| 003 |
SK-MaSNL |
| 005 |
20260301225519.0 |
| 008 |
251112s1559 sz iabcf 000 0 lat |
| 015 |
|
|
|a SNBHFA1559
|
| 040 |
|
|
|a SNKHF
|b slo
|c SNK
|e AACR2
|
| 041 |
0 |
|
|a lat
|
| 044 |
|
|
|a sz
|c CH
|
| 072 |
|
7 |
|a 91
|x Geografia ako veda. Výskum. Cestovanie
|2 konspekt
|
| 080 |
|
|
|a 91
|2 2011
|
| 080 |
|
|
|a (29)
|2 2011
|
| 080 |
|
|
|a 912
|2 2011
|
| 100 |
1 |
|
|a Münster, Sebastian,
|d 1489-1552
|4 aut
|4 dto
|9 165135
|
| 245 |
1 |
0 |
|a Cosmographiae uniuersalis Lib. VI. in quibus iuxta certioris fidei scriptorum traditionem describuntur
|b Omnium habitabilis orbis partium situs, propriaqȝ dotes. Regionum Topographicae effigies. Terrae ingenia, quibus fit ut tam differentes & uarias species res, & animatas, & inanimatas, ferat. Animalium peregrinorum naturae & picturae. Nobiliorum ciuitatum icones & descriptiones. Regnorum initia, incrementa & translationes. Regum & principum genealogiae. Item omnium gentium mores, leges, religio, mutationes: atqȝ memorabilium in hunc usque annum 1559. gestarum rerum Historia
|c Autore SebaSt. Munstero
|
| 260 |
|
|
|a [Basel]
|b [Petri, Heinrich]
|c [1559]
|
| 300 |
|
|
|a [24], 1162 strán; 14 dvojstránkových máp
|c 2°
|c 31,5 × 23 cm
|
| 500 |
|
|
|a Iniciálky s ornamentálnym a figurálnym pozadím v rámčeku na 6 a 12 riadkov, titulný list v drevorezovom portálovom ráme s figurálnou výzdobou, portrét autora, v texte drevorezové ilustrácie, mapy, nákresy, veduty miest, portréty panovníkov a významných osobností
|
| 504 |
|
|
|a Marginálie, kustody
|
| 508 |
|
|
|a Dedikácia: Münster, Sebastian; Karol V. - cisár Svätej ríše rímskej
|
| 510 |
4 |
|
|a VD 16 M/6718
|
| 546 |
|
|
|a Latinčina
|b Antiqua
|b Kurzíva
|
| 550 |
|
|
|a Impresum doplnené z VD 16
|
| 561 |
|
|
|a Z knižnice františkánov Bratislava.
|5 SNK IB 73960
|
| 562 |
|
|
|a Rukopisné exlibrisy: Bibliothecae Conv. PP. Franciscanorum Poson. inscripsit die 8. novem. 1843 Antonius Palsovics Abbas de Valle [...] Canon. Poson.
|5 SNK IB 73960
|
| 563 |
|
|
|a Väzba: svetložltá koža s ornamentálnou slepotlačou, stopy po dvoch kovoých sponách, reštaurovaná.
|5 SNK IB 73960
|
| 650 |
0 |
7 |
|a geografia
|2 SNKPH
|9 823
|
| 650 |
0 |
7 |
|a mapy
|2 SNKPH
|9 871
|
| 650 |
0 |
7 |
|a cestopisy
|2 SNKPH
|9 186227
|
| 651 |
|
7 |
|a Európa
|2 SNKPHgeo
|9 167569
|
| 700 |
1 |
|
|a Palsovič, Anton
|4 fmo
|9 619190
|
| 700 |
1 |
|
|a Cannius, Nicolaas,
|d 16. storočie
|4 oth
|9 619191
|
| 700 |
1 |
|
|a Arquer, Sigismondo,
|d 1530-1571
|4 oth
|9 549588
|
| 700 |
0 |
|
|a Karol
|b V.,
|c cisár Svätej ríše rímskej,
|d 1500-1558
|4 hnr
|9 169191
|
| 700 |
1 |
|
|a Petri, Heinrich,
|d asi 1508-1579
|4 prt
|4 oth
|9 180614
|
| 700 |
1 |
|
|a Amerbach, Bonifacius,
|d 1495-1562
|4 oth
|9 91516
|
| 700 |
1 |
|
|a Brusch, Kaspar,
|d 1518-1559
|4 oth
|9 176957
|
| 700 |
1 |
|
|a Becker, Peter,
|d 1491-1563
|4 oth
|9 126611
|
| 700 |
1 |
|
|a Friese, Lorenz,
|d asi 1490-asi 1531
|4 oth
|9 127738
|
| 700 |
1 |
|
|a Gasser, Achilles Pirminius,
|d 1505-1577
|4 oth
|9 127811
|
| 700 |
1 |
|
|a F. V.
|4 oth
|9 533253
|
| 700 |
1 |
|
|a Isenburg, Johannes von,
|d 16. storočie
|4 oth
|9 619192
|
| 700 |
1 |
|
|a Münster, Josef,
|d 16. storočie
|4 oth
|9 619193
|
| 700 |
1 |
|
|a Mylaeus, Christoph,
|d 16. storočie
|4 oth
|9 619194
|
| 700 |
1 |
|
|a Knobelsdorf, Eustachy,
|d 1517-1571
|4 oth
|9 549593
|
| 700 |
1 |
|
|a Vergerio, Lodovico,
|d 16. storočie
|4 oth
|9 619195
|
| 700 |
1 |
|
|a Vogelmann, Wolfgang,
|d 16. storočie
|4 oth
|9 510086
|
| 700 |
1 |
|
|a Richwin, Simon,
|d 16. storočie
|4 oth
|9 619196
|
| 700 |
1 |
|
|a Lazius, Wolfgang,
|d 1514-1565
|4 oth
|9 145594
|
| 700 |
1 |
|
|a Senf, Johann,
|d 1505-1560
|4 oth
|9 130589
|
| 700 |
1 |
|
|a Rhenanus, Beatus,
|d asi 1485-1547
|4 oth
|9 130127
|
| 700 |
1 |
|
|a Vadian, Joachim,
|d 1484-1551
|4 oth
|9 131089
|
| 700 |
1 |
|
|a Widmannstetter, Johann Albrecht,
|d 1506-1557
|4 oth
|9 619197
|
| 700 |
1 |
|
|a Bonivard, François,
|d asi 1493-asi 1570
|4 oth
|9 619198
|
| 700 |
1 |
|
|a Riccio, Michele,
|d 1445-1515
|4 oth
|9 510087
|
| 700 |
1 |
|
|a Witzel, Georg,
|c starší,
|d 1501-1573
|4 oth
|9 172676
|
| 710 |
1 |
|
|a Františkáni (Bratislava, Slovensko)
|4 fmo
|9 281881
|
| 710 |
0 |
|
|a Petri, Heinrich (Bazilej, Švajčiarsko)
|4 prt
|9 52934
|
| 752 |
|
|
|a Švajčiarsko
|d Bazilej
|
| 852 |
|
|
|a snk
|b Františkáni Bratislava
|p IB 73960
|
| 958 |
|
|
|a DA
|
| 999 |
|
|
|c 951102
|d 953032
|
| 952 |
|
|
|t Fr Ba 14 272
|a SNK
|b SNK
|c SNK_HF
|y PREZ
|7 0
|p 17A1357065
|o snkIB 73960
|i snk2020/4429
|8 5
|0 0
|1 0
|4 0
|d 2020-02-21
|l 0
|r 2026-02-24 09:48:12
|w 2026-02-24
|